<?xml version="1.0" encoding="UTF-8"?>
<collection xmlns="http://www.loc.gov/MARC21/slim">
 <record>
  <leader>01968pam a22002778a 4500</leader>
  <controlfield tag="001">00022794</controlfield>
  <controlfield tag="005">20171026081025.0</controlfield>
  <controlfield tag="008">110602s2003                  ||||||Viesd</controlfield>
  <datafield tag="041" ind1="0" ind2="#">
   <subfield code="a">Vie</subfield>
  </datafield>
  <datafield tag="082" ind1="1" ind2="4">
   <subfield code="a">907</subfield>
   <subfield code="b">NH203M</subfield>
  </datafield>
  <datafield tag="100" ind1="0" ind2="#">
   <subfield code="a">Phan Ngọc Liên</subfield>
   <subfield code="e">Chủ biên</subfield>
  </datafield>
  <datafield tag="245" ind1="0" ind2="0">
   <subfield code="a">Nhập môn sử học</subfield>
   <subfield code="b">Giáo trình cao đẳng sư phạm</subfield>
   <subfield code="c">Phan Ngọc Liên; Trịnh Đình Tùng, Trần Đức Minh, Tạ Ngọc Minh</subfield>
  </datafield>
  <datafield tag="260" ind1="#" ind2="#">
   <subfield code="a">H.</subfield>
   <subfield code="b">Đại học sư phạm</subfield>
   <subfield code="c">2003</subfield>
  </datafield>
  <datafield tag="300" ind1="#" ind2="#">
   <subfield code="a">222 tr.</subfield>
   <subfield code="c">24 cm.</subfield>
  </datafield>
  <datafield tag="500" ind1="#" ind2="#">
   <subfield code="a">Bộ giáo dục và đào tạo - Dự án đào tạo giáo viên trung học cơ sở</subfield>
  </datafield>
  <datafield tag="650" ind1="#" ind2="4">
   <subfield code="a">Lịch sử</subfield>
  </datafield>
  <datafield tag="653" ind1="#" ind2="#">
   <subfield code="a">Giáo trình</subfield>
  </datafield>
  <datafield tag="700" ind1="0" ind2="#">
   <subfield code="a">Trần Đức Minh</subfield>
  </datafield>
  <datafield tag="700" ind1="0" ind2="#">
   <subfield code="a">Trịnh Đình Tùng</subfield>
  </datafield>
  <datafield tag="700" ind1="0" ind2="#">
   <subfield code="a">Tạ Ngọc Minh</subfield>
  </datafield>
  <datafield tag="852" ind1="#" ind2="#">
   <subfield code="b">Kho giáo trình</subfield>
   <subfield code="j">KGT.0026112, KGT.0026113, KGT.0026114, KGT.0026115, KGT.0026116, KGT.0026117, KGT.0026118, KGT.0026119, KGT.0026120, KGT.0026121, KGT.0026122, KGT.0026123, KGT.0026124, KGT.0026125, KGT.0026126, KGT.0026127, KGT.0026128, KGT.0026129, KGT.0026130, KGT.0026131, KGT.0026132, KGT.0026133, KGT.0026134, KGT.0026135, KGT.0026136, KGT.0026137, KGT.0026138, KGT.0026139, KGT.0026140, KGT.0026141, KGT.0026142, KGT.0026143, KGT.0026144, KGT.0026145, KGT.0033203</subfield>
  </datafield>
  <datafield tag="852" ind1="#" ind2="#">
   <subfield code="b">Kho mượn</subfield>
   <subfield code="j">KGT.0026112</subfield>
  </datafield>
  <datafield tag="852" ind1="#" ind2="#">
   <subfield code="b">Kho đọc</subfield>
   <subfield code="j">KD.0009850</subfield>
  </datafield>
  <datafield tag="852" ind1="#" ind2="#">
   <subfield code="j">KGT.0026113</subfield>
   <subfield code="j">KGT.0026114</subfield>
   <subfield code="j">KGT.0026115</subfield>
   <subfield code="j">KGT.0026117</subfield>
   <subfield code="j">KGT.0026118</subfield>
   <subfield code="j">KGT.0026120</subfield>
   <subfield code="j">KGT.0026121</subfield>
   <subfield code="j">KGT.0026123</subfield>
   <subfield code="j">KGT.0026124</subfield>
   <subfield code="j">KGT.0026126</subfield>
   <subfield code="j">KGT.0026127</subfield>
   <subfield code="j">KGT.0026129</subfield>
   <subfield code="j">KGT.0026130</subfield>
   <subfield code="j">KGT.0026132</subfield>
   <subfield code="j">KGT.0026133</subfield>
   <subfield code="j">KGT.0026135</subfield>
   <subfield code="j">KGT.0026137</subfield>
   <subfield code="j">KGT.0026138</subfield>
   <subfield code="j">KGT.0026140</subfield>
   <subfield code="j">KGT.0026141</subfield>
   <subfield code="j">KGT.0026143</subfield>
   <subfield code="j">KGT.0026144</subfield>
   <subfield code="j">KD.0009850</subfield>
   <subfield code="j">KGT.0033203</subfield>
   <subfield code="j">KGT.0026112</subfield>
   <subfield code="j">KGT.0026116</subfield>
   <subfield code="j">KGT.0026119</subfield>
   <subfield code="j">KGT.0026122</subfield>
   <subfield code="j">KGT.0026125</subfield>
   <subfield code="j">KGT.0026128</subfield>
   <subfield code="j">KGT.0026131</subfield>
   <subfield code="j">KGT.0026134</subfield>
   <subfield code="j">KGT.0026136</subfield>
   <subfield code="j">KGT.0026139</subfield>
   <subfield code="j">KGT.0026142</subfield>
   <subfield code="j">KGT.0026145</subfield>
  </datafield>
  <datafield tag="910" ind1="0" ind2="#">
   <subfield code="a">Hoa Lê</subfield>
   <subfield code="d">02/06/2011</subfield>
  </datafield>
  <datafield tag="980" ind1="#" ind2="#">
   <subfield code="a">Trung tâm Học liệu Lê Vũ Hùng, Trường Đại học Đồng Tháp</subfield>
  </datafield>
 </record>
</collection>
<br />
<b>Notice</b>:  fwrite(): write of 437 bytes failed with errno=28 No space left on device in <b>C:\vufind\module\VuFind\src\VuFind\Session\File.php</b> on line <b>152</b><br />
Cannot write session to C:\Windows\TEMP\vufind_sessions/sess_2ao3jie5c3gjnocu6uckamrsc2
<br />
<b>Warning</b>:  session_write_close(): Failed to write session data using user defined save handler. (session.save_path: \xampp\tmp) in <b>C:\vufind\vendor\laminas\laminas-session\src\SessionManager.php</b> on line <b>235</b><br />
